TV by First Names Quiz Stats

 Plays Quiz Updated Sep 26, 2018

Challenge
Share
Tweet
Embed
Score 0/24 Timer 07:00
7 Plays Today
Actor's First Names TV show % Correct
Jennifer, Courteney, Lisa, Matt, Matthew and DavidFriends
91.8%
Sarah Jessica, Cynthia, Kim and KristinSex and the City
83.1%
Bob, John, Dave, Candace, Jodie and Mary Kate/AshleyFull House
82.1%
Topher, Ashton, Laura, Mila, Wilmer and DannyThat '70s Show
80.8%
Kiefer24
79.8%
Bea, Betty, Rue and EstelleThe Golden Girls
76.7%
Ted, Rhea, George, John, Kelsey, Woody, Kirstie, Shelley, Bebe and NicholasCheers
75.9%
Simon, Paula and RandyAmerican Idol
74.4%
Lucille, Desi, William and VivianI Love Lucy
73.8%
Farrah, Kate and JaclynCharlie's Angels
73.3%
Jason, Shannen, Luke, Tori, Brian Austin, Ian, Jennie and GabrielleBeverly Hills: 90210
71%
Barbara, Joy, Whoopi, Sherri and ElisabethThe View (2010)
71%
Actor's First Names TV show % Correct
Jerry, Michael, Jason and JuliaSeinfeld
68.8%
Teri, Felicity, Marcia and EvaDesperate Housewives
67.8%
Steve, John, Jenna, Rainn, B.J., Leslie, Brian, Angela, Phyllis, Kate, Mindy, Paul and CreedThe Office (US)
67.6%
Mark-Paul, Mario, Dustin, Elizabeth, Lark and TiffaniSaved by the Bell
64.5%
Gilda, Chevy, Dan, Jane, Laraine, John and GarrettSaturday Night Live
58.8%
Ellen, Sandra, Katherine, Justin, T.R., Chandra, James, Isaiah and PatrickGrey's Anatomy
55.5%
David and GillianThe X-Files
54.2%
Patrick, Jonathan, LeVar, Marina, Brent and MichaelStar Trek: The Next Generation
46.9%
Dan, Julie, Nancy, Yeardley, Harry and HankThe Simpsons
43.2%
Carroll, Jean, Rob and SallyAll in the Family
39.9%
William, Marg, Jorja, George, Gary and PaulCSI: Crime Scene Investigation
34.9%
Graham, Eric, Michael, Terry, Terry and JohnMonty Python's Flying Circus
26.4%

You're not logged in!

Compare scores with friends on all Sporcle quizzes.
OR
Log In

You Might Also Like...

Show Comments

Extras

Top Quizzes Today


Score Distribution

Your Account Isn't Verified!

In order to create a playlist on Sporcle, you need to verify the email address you used during registration. Go to your Sporcle Settings to finish the process.

Report this User

Report this user for behavior that violates our Community Guidelines.

Details: